Winning Eurovision Artists - Statistics

General Stats
  • This quiz has been taken 105 times
    13 since last reset
  • The average score is 41 of 73
Answer Stats
Year Song Title Artist % Correct
2026 Bangaranga Dara
100%
2023 Tattoo Loreen
100%
2012 Euphoria Loreen
100%
2002 I Wanna Marie N
100%
2024 The Code Nemo
100%
1974 Waterloo ABBA
92%
1988 Ne Partez Pas Sans Moi Céline Dion
92%
2014 Rise Like a Phoenix Conchita Wurst
92%
1970 All Kinds of Everything Dana
92%
2025 Wasted Love JJ
92%
1987 Hold Me Now Johnny Logan
92%
1980 What's Another Year Johnny Logan
92%
2006 Hard Rock Hallelujah Lordi
92%
2021 Zitti e Buoni Måneskin
92%
2018 Toy Netta
92%
2009 Fairytale Alexander Rybak
83%
2016 1944 Jamala
83%
2022 Stefania Kalush Orchestra
83%
2010 Satellite Lena
83%
1998 Diva Dana International
75%
2019 Arcade Duncan Laurence
75%
1997 Love Shine a Light Katrina and the Waves
75%
1969 Boom Bang-a-Bang Lulu
75%
2000 Fly on the Wings of Love Olsen Brothers
75%
2004 Wild Dances Ruslana
75%
1981 Making Your Mind Up Bucks Fizz
67%
2015 Heroes Måns Zelmerlöw
67%
2005 My Number One Helena Paparizou
58%
1992 Why Me Linda Martin
58%
1982 Ein Bißchen Frieden Nicole
58%
1967 Puppet on a String Sandie Shaw
58%
1976 Save Your Kisses For Me Brotherhood of Man
50%
1991 Fångad av en Stormvind Carola
50%
2008 Believe Dima Bilan
50%
1979 Hallelujah Milk and Honey
50%
2017 Amar Pelos Dois Salvador Sobral
50%
1986 J'aime La Vie Sandra Kim
50%
1972 Après Toi Vicky Leandros
50%
1973 Tu Te Reconnaîtras Anne-Marie David
42%
1985 La Det Swinge Bobbysocks!
42%
1999 Take Me to Your Heaven Charlotte Nilsson
42%
2011 Running Scared Ell & Nikki
42%
2013 Only Teardrops Emmelie de Forest
42%
1965 Poupée de Cire, Poupée de Son France Gall
42%
1984 Diggi-Loo Diggi-Ley Herreys
42%
1969 De Troubadour Lenny Kuhr
42%
1956 Refrain Lys Assia
42%
2007 Molitva Marija Šerifović
42%
1993 In Your Eyes Niamh Kavanagh
42%
1989 Rock Me Riva
42%
1995 Nocturne Secret Garden
42%
2003 Everyway That I Can Sertab Erener
42%
1975 Ding-a-Dong Teach-In
42%
1990 Insieme: 1992 Toto Cutugno
42%
1966 Merci, Chérie Udo Jürgens
42%
1957 Net Als Toen Corry Brokken
33%
1996 The Voice Eimear Quinn
33%
1964 Non Ho L'età Gigliola Cinquetti
33%
1978 A-Ba-Ni-Bi Izhar Cohen and the Alphabeta
33%
1961 Nous Les Amoureux Jean-Claude Pascal
33%
1968 La La La Massiel
33%
1971 Un Banc, Un Arbre, Une Rue Séverine
33%
1983 Si la Vie est Cadeau Corinne Hermès
25%
1960 Tom Pillibi Jacqueline Boyer
25%
1977 L'oiseau et L'enfant Marie Myriam
25%
1994 Rock 'n' Roll Kids Paul Harrington and Charlie McGettigan
25%
1969 Vivo Cantando Salomé
25%
2001 Everybody Tanel Padar, Dave Benton and 2XL
25%
1958 Dors, Mon Amour André Claveau
17%
1969 Un Jour, Un Enfant Frida Boccara
17%
1963 Dansevise Grethe and Jørgen Ingmann
17%
1962 Un Premier Amour Isabelle Aubret
17%
1959 Een Beetje Teddy Scholten
17%
No matching quizzes found
Score Distribution
Percent of People with Each Score
Percentile by Number Answered
Your Score History
You have not taken this quiz since the last reset